[Event "ISR-chT"]
[Site "Israel"]
[Date "2003.02.01"]
[Round "3"]
[White "Murey, Jacob"]
[Black "Gofshtein, Leonid D"]
[Result "1/2-1/2"]
[WhiteElo "2490"]
[BlackElo "2519"]
[Annotator "Gofshtein,L"]
[PlyCount "83"]
[EventDate "2003.01.??"]
[EventType "team"]
[EventRounds "11"]
[EventCountry "ISR"]
[SourceTitle "CBM 094"]
[Source "ChessBase"]
[SourceDate "2003.05.26"]
[SourceVersion "1"]
[SourceVersionDate "2003.05.26"]
[SourceQuality "1"]

1. e4 {[%mdl 68]} c5 2. Nc3 Nc6 3. g3 g6 4. Bg2 Bg7 5. Nge2 Rb8 {Main
strategical idea of black in this line is to capture space over the queenside;}
(5... d6) 6. O-O b5 7. a3 {White prevents b5-b4 moves of black; 7.f4 is
another possible continuation, while in that case black achieves good
counterplay as it's proved in games below;} (7. f4 b4 8. Nd5 e6 (8... d6 $6 9.
f5 $1 $40) 9. Ne3 f5 10. d3 (10. g4 $6 fxe4 11. f5 exf5 12. gxf5 d5 13. Nf4
Nce7 $1 $17) 10... Nge7 11. a3 $5 (11. g4 O-O 12. Ng3 Nd4 $15) (11. e5 {
/\ Nc4 ><d6} d5 12. exd6 Qxd6 13. Nc4 Qc7 14. Be3 Na5 $1) 11... d5 $1 (11... a5
$6 12. axb4 axb4 13. e5 $1 d5 14. exd6 Qxd6 15. Nc4 Qc7 16. Be3 Nd4 17. Nxd4
cxd4 18. Bf2 $16 {<->a ><e5, e6}) 12. axb4 Rxb4 (12... cxb4 $5 {/\} 13. exd5
exd5 14. c4 bxc3 15. bxc3 d4 $1 16. cxd4 Nxd4 17. Rxa7 O-O $44) 13. exd5 exd5
14. Ra2 O-O 15. b3 Rb8 $15 {0-1 Murey,Y-Ye,J/Helsinki 1992 (29)} (15... Rb7 $5)
) (7. Nd5) 7... d6 {7...a5 deserves serious attention, as it has been played
in the other game of same players! But, unfortunately, during current game I
totaly forgot about the other one!} (7... e6 8. d3 (8. b4 a5 (8... d6) 9. Rb1
axb4 10. axb4 cxb4 11. Na2 Qa5 12. Bb2 e5 13. Nac1 Qb6 14. Nb3 Nge7 15. d4 d6
16. Qd2 $44 {1-0 Lautier,J-Ljubojevic,L/Monte Carlo 1996/CBM 52 ext (33)}) (8.
Rb1 a5 9. a4 bxa4 (9... b4 10. Nb5 Ba6 11. c4 $14 bxc3 12. bxc3 d6 13. d4 cxd4
14. cxd4 Nge7 15. Ba3 O-O 16. f4 f5 (16... d5 17. e5 $14) 17. e5 d5 18. Qd3 $14
) 10. Nxa4 d6 11. d3 (11. b3 Nge7 12. f4 O-O 13. Bb2 $11) 11... Nge7 {0-1
Murey,J-Tsesarsky,I/Israel 1997/CBM 58/[Tsesarsky] (36)}) (8. f4 Nge7 9. h3 d5
10. d3 f5 11. e5 Qb6 {0-1 Avgousti,P-Makropoulos,G/Budva 1981/MCD (31)}) 8...
Nge7 9. Be3 Nd4 10. Qd2 (10. b4 d6 11. Rb1 O-O 12. Na2 a5 (12... f5 $132) 13.
bxc5 dxc5 14. c3 Nxe2+ 15. Qxe2 Qd6 {0-1 Murey,J-Kupreichik,V/Velden 1996/EXT
97 (33)}) 10... d6 11. Rae1 a5 12. Nd1 b4 13. axb4 axb4 14. Nxd4 cxd4 15. Bh6
O-O {0-1 Armengol Navarro,S-Vall de Vilaramo,J/Catalunya 1996/EXT 99 (45)}) (
7... a5 $5 8. d3 b4 9. axb4 axb4 10. Nd5 e6 11. Ne3 Nge7 12. c3 O-O 13. d4 cxd4
14. cxd4 d6 15. d5 exd5 16. exd5 Ne5 17. Nd4 Qb6 18. Nc6 N7xc6 19. dxc6 Nxc6
20. Qxd6 {1/2-1/2 Murey,J-Gofshtein,L/Saint Quentin 1998/EXT 2000 (20)}) 8. d3
Nf6 9. f4 Bd7 {Defending against 10.e5 threat;} 10. h3 a5 11. Be3 b4 {Black
continues the advance over the queenside;} 12. axb4 axb4 13. Na4 {White knight
is placed badly there; 13.Nb1 looks more natural move;} O-O 14. c4 bxc3 (14...
Qc8 15. Kh2 Ne8 $132) 15. bxc3 Na5 {Looking for active play over the queenside;
} 16. Ra3 $6 {Intending c4 move, and drawing the rook away from a1-h8 diagonal;
} (16. Ra2 $5) 16... Qc7 {Black sets a trap, and Murey falls in it;} (16... c4
$5 17. d4 Nb3) 17. c4 (17. e5 Ne8 18. Ra2 $11) 17... Rb3 $1 18. Ra2 $2 {
Cool 18.Bc1 would hold the position, while black intercepts the intiative now;}
(18. Rxb3 Bxa4 $17) (18. Bc1 $5 Rfb8) 18... Nxc4 $1 19. Bf2 (19. Bc1 Na5 20. e5
Ne8) (19. Qxb3 Nxe3 $36) 19... Ra3 $5 (19... Na5 20. e5 $132) 20. Rxa3 Nxa3 21.
e5 $5 {White looks for complications trying to get some compensation for a
pawn;} Ne8 {21...dxe4 was probably easier, staying extra pawn, and black pawn
chain is fixed in that case;} (21... dxe5 $5 22. Nxc5 (22. fxe5 Qxe5 23. Nxc5
Rb8 $15) 22... exf4 23. Nxf4 $15) 22. Nec3 Nb5 23. Nd5 Qd8 24. Nxc5 $2 {
White forces crisis; 24.Nab6 was necessary;} (24. Nab6) 24... dxe5 $2 {Hard to
explain this move; 24...dxc6 leads to winning position;} (24... dxc5 $5 25.
Bxc5 e6 26. Ne3 Nec7 27. Bxf8 Bxf8 $17) 25. Nb7 Qb8 26. Nxe7+ Kh8 27. Nc5 Qd8
28. Nxd7 Qxd7 29. Nd5 exf4 30. Nxf4 {After many simplifications, the position
is just equal;} Nec7 31. Qa4 Bd4 $5 {Black trades dark-square B's depriving
white of pair of B's advantage;} 32. Qc4 Qd6 33. Kh2 Bxf2 34. Rxf2 Nd4 {
capturing d4 central outpost;} 35. Nd5 Nce6 36. Qc3 Qe5 $5 {Neutralizyja
davlenie belix po dlagonali a1-h8 Neutralizing pressure of white over a1-h8
diagonal;} 37. Rf1 Rd8 38. Re1 Nf3+ 39. Bxf3 Qxc3 40. Nxc3 Rxd3 41. Bg4 Rxc3
42. Bxe6 $11 1/2-1/2

[Event "ISR-chT"]
[Site "Israel"]
[Date "1997.02.27"]
[Round "5"]
[White "Yudasin, Leonid"]
[Black "Har Zvi, Ronen"]
[Result "1-0"]
[WhiteElo "2590"]
[BlackElo "2505"]
[Annotator "Har Zvi,R"]
[PlyCount "83"]
[EventDate "1997.??.??"]
[EventType "team"]
[EventRounds "11"]
[EventCountry "ISR"]
[SourceTitle "CBM 059"]
[Source "ChessBase"]
[SourceDate "1997.08.01"]
[SourceVersion "1"]
[SourceVersionDate "1997.08.01"]
[SourceQuality "1"]

1. e4 c5 2. Nc3 d6 3. g3 Nc6 4. Bg2 g6 5. f4 Bg7 6. d3 e6 7. Nf3 Nge7 8. O-O
O-O 9. Be3 Nd4 10. Qd2 Nec6 {the main line is 10...Rb8,another possible move
is 10...b6,I could find only 2 deserve games in my database which I can show
here as some theory,all other games where played by players less than 2400,it
means this is not a very played variation} 11. h3 (11. Nd1 Nxf3+ (11... Bd7 12.
Kh1 Nxf3 13. Bxf3 b5 14. Bg2 Rc8 15. c3 b4 16. Qe2 Qa5 17. Bd2 bxc3 18. bxc3 f5
$15 {Qi Jingxuan-Cseshkhovsky,V Bled 1979}) 12. Bxf3 Rb8 13. c3 b6 14. h4 Bb7
15. Qg2 Re8 16. h5 d5 17. hxg6 hxg6 $13 {Arapovic,V-Cebalo,M Mendrisio op 1988}
) 11... f5 12. Kh2 Bd7 13. Rab1 Rb8 14. a3 b5 15. b4 Nxf3+ 16. Bxf3 cxb4 17.
axb4 a5 $1 {white got nothing out of the opening,black has a solid position
with no weaknesses,very soon white finds him-self in a worse position} 18. exf5
gxf5 (18... axb4 $6 19. Na2 gxf5 20. Nxb4 $14 {[%csl Rb5]}) 19. Na2 $6 {
white idea is bxa5 with Nb4 but he will not be able to play it} (19. bxa5 Qxa5
20. Ne2 (20. d4 b4 21. Ne2 Ne7 $1 {[%csl Rc2,Rc3,Gc4,Gd5][%cal Gd7c6]}) 20...
b4 $13) 19... a4 $15 {of course,the natural move,now black is I think at least
slightly better,he has a pass a pawn,a very long diagonal,plus more pawns in
the center which one day may go ahead} 20. Qf2 Qf6 {the key square now is d4,
black must "keep touch" with this square so at the right moment or ata
possiblr moment he would eb able to play Nd4} 21. c3 Kh8 22. Rg1 Rbc8 23. Rg2
$6 {white is thinking about some play on the king's side,but of how? since
after g4 the "f" file is open for black} Qf7 $5 {black's idea is to play e5
followed by Be6,putting pressure on the a2 knight and the c3 pawn} 24. c4 $2 (
24. g4 $2 fxg4 25. hxg4 Ne5 26. Be4 (26. Be2 $2 Ng6 27. Rf1 e5 {[%csl Ra2,Rf4]
[%cal Gf7a2]}) 26... d5 $17) {[%tqu "En","find black's move","","","f7f6","",5]
} 24... Qf6 $1 $17 {for this move I am very proud,playing Qf7 and just one
move later coming back to f6,but as I wrote to nlack 20...move the key square
is d4 and black must "keep touch" with this square,now white's position
becomes very critical and not easy at all,in a few moves white got a
completely losing position} 25. g4 $2 {white which understand that
strategicaly his position is bad tries to complicate things as quick as
possible,but this normally makes the end closer! as it sjould have been in
this game} (25. cxb5 Nd4 26. Bxd4 (26. b6 Nxf3+ 27. Qxf3 Bc6) 26... Qxd4 27.
Qxd4 Bxd4 28. Bb7 Rc7 29. Ba6 Rb8 $17) (25. c5 $5) 25... Nd4 $6 (25... fxg4
$142 $1 26. Bxg4 $8 (26. Rxg4 e5 $19) (26. hxg4 bxc4 27. dxc4 Ne5 $1 $19 28.
fxe5 Qxf3 29. exd6 Be5+ 30. Kg1 Qe4 31. Qe1 Bc6) 26... Ne7 $1 {[%cal Ge7g6,
Gb5c4]} 27. Rbg1 (27. c5 Nd5 $1 $17 {/-+}) 27... bxc4 28. dxc4 Ng6 $36 (28...
Rxc4 29. Be2 Rc2 30. Rxg7 Rxa2 31. Rxh7+ Kxh7 32. Bd3+ $13)) 26. Bd1 $2 (26.
Bxd4 Qxd4 27. Qxd4 Bxd4 $17) (26. g5 Nxf3+ 27. Qxf3 Qf7 {[%cal Gb5c4,Gd7c6]}
28. cxb5 Bxb5 $17) (26. Bb7 $1 {white's best and only move in the position} Rc7
27. g5 Qe7 28. Bxd4 Rxb7 $15 {/~~ this is the maximum white can get from his
position,but here things are not so clear,that's why black should have played
25...fxg4}) 26... e5 $5 (26... fxg4 27. hxg4 (27. Rxg4 e5 $19) (27. cxb5 Bxb5
28. Rxg4 Bxd3 29. Rxg7 Nf5 $19) 27... e5 28. f5 bxc4 29. Nc3 cxd3 30. Ne4 $132
{which is more than white should get}) 27. g5 Qf7 28. h4 $2 {after this move
white position is losing} (28. Bxd4 exd4 $17) 28... Ne6 $1 $19 (28... bxc4 $5
29. h5 (29. dxc4 Rxc4 30. h5 Rfc8) 29... c3 $140 30. h6 $2 (30. Bxd4 $8 c2 31.
Bxc2 Qxh5+ 32. Kg1 exd4 $17) 30... c2 $19) 29. h5 (29. fxe5 Bxe5+ 30. Kg1 (30.
Kh1 f4 31. Bd2 f3 $19 {[%cal Gf7f5]}) 30... f4 31. Bd2 (31. d4 Bg7) 31... f3
32. Rg4 Qf5 $1 $19) 29... exf4 30. Bb6 Bc6 {black wants just mate,this approch
cost him this game,after the simple 30...bxc4 taking another pawn when white
has no compensation for the material} 31. g6 Qe7 32. Rg1 f3 $1 {opening the
b8-h2 diagonal} 33. Bxf3 Be5+ 34. Kg2 (34. Kh1 Bxf3+ 35. Qxf3 Qh4+ 36. Kg2 Qh2+
37. Kf1 Qxa2 $19) 34... Nf4+ (34... Qb7 $5 35. Bxc6 (35. Be3 f4 36. Bd2 bxc4
$140 $1 37. dxc4 $2 Ng5 {and the game is over}) 35... Rxc6 36. Be3 f4 37. Bc1
bxc4 $19 {this was one simple winning line which I saw during the game,but
both players had about 3 minutes and in such complicated position that's just
not enough}) 35. Kf1 Nxd3 $2 (35... Nh3 36. Qg2 Bxf3 37. Qxh3 Bg4 {next move
bxc4 when white is hopeless}) 36. Qe3 Bxf3 $4 {from all the moves black had
and still has somehow he choose the worst one!} (36... Be4 $1 37. Bd4 Rg8 $19)
(36... Qh4 $5) 37. g7+ Bxg7 $4 {black was stunned by white 35.g7 and lost his
immediately,after Qxg7 of course black is much worse but can still continue
and play,now the game is over} (37... Qxg7 38. Rxg7 Kxg7 39. Qxf3 bxc4 $16) 38.
Qxe7 Be5 39. Nc1 $18 Be4 40. Nxd3 Bxd3+ 41. Kf2 Bxb1 42. Qxd6 $1 1-0

[Event "FRA-ch"]
[Site "Val d'Isere"]
[Date "2002.08.25"]
[Round "7"]
[White "Bricard, Emmanuel"]
[Black "Marcelin, Cyril"]
[Result "1-0"]
[WhiteElo "2454"]
[BlackElo "2470"]
[Annotator "Hecht,H"]
[PlyCount "147"]
[EventDate "2002.08.19"]
[EventType "tourn"]
[EventRounds "11"]
[EventCountry "FRA"]
[EventCategory "13"]
[SourceTitle "CBM 091"]
[Source "ChessBase"]
[SourceDate "2002.11.12"]
[SourceVersion "1"]
[SourceVersionDate "2002.11.12"]
[SourceQuality "1"]

1. e4 c5 2. Nc3 d6 3. g3 Nc6 4. Bg2 g6 5. d3 Bg7 6. Nge2 Rb8 7. a3 b5 8. Rb1 a5
9. a4 b4 10. Nb5 Nd4 11. c4 Bg4 12. Nbxd4 cxd4 13. h3 Bxe2 14. Qxe2 Qc7 15. b3
Nf6 16. Rb2 Nd7 17. f4 e6 18. h4 h5 19. O-O Kf8 20. f5 Kg8 21. Bh3 Re8 22. Qf2
Ne5 23. f6 Bh6 24. Bxh6 Rxh6 25. Qxd4 Qc5 26. Qf2 Nxd3 27. Qxc5 Nxc5 28. Rd1
Nxe4 29. Bg2 Nxf6 30. Rxd6 Rc8 31. Rb6 Nd7 32. Rb5 Nc5 33. Rxa5 g5 34. Rb5 gxh4
35. gxh4 Rg6 36. a5 Rg3 37. Kh2 Rc3 38. Rxb4 Nd3 39. Bb7 Rd8 40. Rg2+ Kf8 41.
Rd2 Rd4 42. Rb5 Rxh4+ 43. Kg1 Rg4+ 44. Kf1 Rc1+ 45. Ke2 Nf4+ 46. Ke3 e5 47. Rf2
Rc3+ 48. Kd2 Rgg3 49. Be4 Rxb3 50. Bc2 Rxb5 51. cxb5 {Thema: Freibauern,
Technik} Ra3 52. a6 Ne6 $6 {Auf f4 beherrschte der Springer besser die weißen
Figuren. Deshalb} (52... h4 $142) ({oder} 52... Ke7) 53. Bd3 Nc5 54. Bc4 Ne4+
55. Ke2 Nc3+ (55... Nxf2 56. b6 $1 $18) (55... Nd6 56. b6 Nxc4 57. b7 $18) 56.
Kf1 Nxb5 57. Bxb5 Ke7 {Nicht ganz banale Technik ist gefragt. Ziel des Weißen:
Ba6-a7 gedeckt vom Turm auf der 7.Reihe und dann den Läufer auf die Diagonale
h1-a8.} 58. Rd2 (58. Rf5 $5 Ke6 59. Rxh5 f5 60. Bc4+ Kf6 61. Rh7 e4 62. a7 Ke5
63. Rd7 $18 {[%cal Rc4d5]}) 58... Ra5 59. Rd7+ Ke6 60. a7 Ra1+ 61. Ke2 e4 62.
Rb7 {[%cal Rb7b6,Rb6a6]} Kd5 63. Rxf7 Kc5 {[%csl Rb5][%cal Rc5b6]} 64. Rb7 h4
65. Bd7 {[%csl Gh3]} Ra3 66. Bf5 Kd4 67. Rd7+ Ke5 68. Bh3 Ra2+ (68... Kf4 69.
Be6 $18 {[%cal Re6d5]}) (68... Kf6 69. Kf2 {[%cal Gh3f1,Gf1c4,Gc4d5,Gf1b5,
Gb5c6]}) 69. Ke3 Ra3+ 70. Kd2 e3+ 71. Ke2 Kf4 72. Rf7+ Kg3 73. Be6 h3 74. Bd5
1-0

[Event "Budapest FS08 GM"]
[Site "Budapest"]
[Date "1994.??.??"]
[Round "11"]
[White "Pavasovic, Dusko"]
[Black "Appleberry, Martin"]
[Result "1-0"]
[WhiteElo "2425"]
[BlackElo "2315"]
[Annotator "Horvath,Ta"]
[PlyCount "41"]
[EventDate "1994.08.??"]
[EventType "tourn"]
[EventRounds "11"]
[EventCountry "HUN"]
[EventCategory "7"]
[SourceTitle "CBM 043 Extra"]
[Source "ChessBase"]
[SourceDate "1995.01.01"]
[SourceVersion "1"]
[SourceVersionDate "1995.01.01"]
[SourceQuality "1"]

1. e4 c5 2. Nc3 Nc6 3. g3 g6 4. Bg2 Bg7 5. d3 d6 6. f4 e6 7. Nf3 Nge7 8. O-O
O-O 9. Be3 Nd4 10. e5 Bd7 (10... Qb6 $5) (10... Nef5 {Sizilianisch
Nebenvarianten 1}) 11. Ne4 Nef5 12. Bf2 dxe5 $2 (12... Nxf3+ $142 13. Qxf3 Bc6
$13 14. c3 Rc8 $1 15. exd6 Nxd6 16. Qe2 b6 $10 {Lane-Sadler/Lloyds Bank/1992})
13. Nxe5 $16 b6 14. g4 $1 Ne7 (14... Nh6 15. c3 Nc6 16. g5 Nf5 17. Nf6+ Bxf6
18. gxf6 Rc8 19. Qg4 $16) 15. Bh4 $1 f6 {[#]} 16. Bxf6 $18 Bxf6 17. Nxf6+ Rxf6
18. Nxd7 Qxd7 19. Bxa8 h5 20. c3 Nb5 21. Be4 1-0

[Event "Gleisdorf op"]
[Site "Gleisdorf"]
[Date "1996.??.??"]
[Round "?"]
[White "Rogulj, Branko"]
[Black "Groszpeter, Attila"]
[Result "0-1"]
[WhiteElo "2415"]
[BlackElo "2565"]
[Annotator "Horvath,Ta"]
[PlyCount "122"]
[EventDate "1996.03.??"]
[EventType "swiss"]
[EventRounds "9"]
[EventCountry "AUT"]
[SourceTitle "CBM 052"]
[Source "ChessBase"]
[SourceDate "1996.06.01"]
[SourceVersion "1"]
[SourceVersionDate "1996.06.01"]
[SourceQuality "1"]

1. e4 c5 2. Nc3 Nc6 3. g3 g6 4. Bg2 Bg7 5. d3 d6 6. f4 e6 7. Nf3 Nge7 8. O-O
O-O 9. Be3 b6 {9...-Rb8 ist die zweite Abweichung von der Hauptvariante 9...
-Nd4,sieh Spassky-Polgar,J /CBM/48} 10. d4 d5 11. exd5 Nf5 $1 (11... exd5 $6
12. Bf2 Bg4 13. dxc5 d4 14. Ne4 Qd5 15. h3 Bxf3 16. Bxf3 Qf5 17. cxb6 $14 {
Rogulj-Cebalo/Zagreb/1993}) 12. Bf2 Ncxd4 13. Ne5 (13. dxe6 Bxe6 14. Nd2 (14.
Nxd4 $6 Nxd4 15. Bxa8 Qxa8 16. Be3 Bh3 17. Rf2 Rd8 {und gegen 18...-Nf5 19.Qe2/
19.Rd2-Rd2 20.Qd2-Ne3/...-Ne3 20.Qe3-Bd4 hat Weiß keine Verteidigung.}) 14...
Rc8 15. a4 Nc6 16. Nde4 Nfd4 $15 {Zelic-Belamaric/Kroatia/1995}) 13... exd5 14.
Nxd5 Be6 15. Nc3 (15. c4 Rc8 $5 (15... b5 16. b3 bxc4 17. bxc4 Qa5 $13 {
Rogulj-Cvitan/Kroatia/1995}) 16. a4 Nc6 $1 {Kampf um zentralischen Feldern} 17.
Re1 Nfd4 18. g4 Nxe5 19. fxe5 Nc6 20. Bg3 Qg5 $6 {Unnötiges Opfer für das
Publikum.Einfach und besser für Schwarz war 20...-Re8 21.Ra3-Ne5! 22.Be5-Bd5
23.Bg7/23.Bd5-Be5 24.Rae3?-Bd4-+/...-Bg2} 21. Re4 Rfe8 $2 (21... Rcd8 22. h4
Bxd5 23. hxg5 (23. cxd5 Qe7) 23... Bxe4 24. Qe1 Bxg2 25. Kxg2 Rfe8 {Schwarz
steht noch immer gut.}) 22. Nf6+ $1 Bxf6 23. h4 Qxh4 24. Bxh4 Bxh4 25. Qd2 {
Die Stellung ist noch immer nicht klar,aber wenig besser ist schon für Weiß.
Rogulj-Horvath,T/Gleisdorf/1996}) 15... Rc8 16. Ne4 f6 $1 17. Nf3 Nxf3+ 18.
Qxf3 Nd4 19. Qd1 f5 20. Nd2 Bd5 21. Bxd5+ $6 (21. c3 $142 Ne6 22. Nf3 $10)
21... Qxd5 22. c3 Ne6 23. Re1 Rfd8 24. Nf3 Qxd1 25. Raxd1 Kf7 26. Kf1 Bf6 27.
Ke2 Nc7 28. Rd2 $6 (28. Rxd8 Rxd8 29. Rd1 $10) 28... Nb5 29. Red1 Rxd2+ 30.
Rxd2 Ke6 31. Kd1 Nd6 32. Re2+ Ne4 33. Nd2 Rd8 $15 34. Be1 Kf7 35. Kc2 Nxd2 36.
Bxd2 c4 37. Be1 a6 38. Bf2 b5 39. Bc5 Rd5 40. Bb6 Rd6 41. Bc5 Rd3 42. Rd2 $2
Rxd2+ 43. Kxd2 Ke6 44. Ke3 Kd5 45. Bf8 a5 46. a3 g5 47. h3 g4 48. hxg4 fxg4 49.
Bh6 Be7 50. f5 (50. Bg7 Bc5+ 51. Ke2 Ke4 52. Bf6 Be3 $19) 50... Ke5 51. Bf4+
Kxf5 52. Kd4 h5 53. Bc7 Bf6+ 54. Kd5 Bg5 55. Kc5 Bf4 $3 (55... h4 $2 56. gxh4
Bf4 57. Bxa5 g3 58. Kxb5 g2 (58... Be3 59. Bc7 Bf4 60. Bb6 $10) 59. Bb6 Ke4 60.
Bg1 Be3 61. Bh2 Kf3 $2 (61... Bf4 $10) 62. h5 Kg4 $2 (62... Bf4 $10) 63. Kxc4
Kh3 64. h6 Bxh6 (64... Kxh2 65. h7 g1=Q 66. h8=Q+ Kg2 67. Qg8+ $18) 65. Bg1 Kg3
66. a4 Kf3 67. Kd3 $18) 56. Bxf4 h4 57. Be3 h3 58. Bg1 Ke4 59. a4 bxa4 60. Kxc4
Kf3 61. Kd3 Kg2 0-1

[Event "Women-Veterans"]
[Site "Prague"]
[Date "1995.??.??"]
[Round "7"]
[White "Spassky, Boris Vasilievich"]
[Black "Polgar, Judit"]
[Result "0-1"]
[WhiteElo "2555"]
[BlackElo "2635"]
[Annotator "Horvath,Ta"]
[PlyCount "80"]
[EventDate "1995.07.??"]
[EventType "schev"]
[EventRounds "5"]
[EventCountry "CZE"]
[SourceTitle "CBM 048"]
[Source "ChessBase"]
[SourceDate "1995.10.01"]
[SourceVersion "1"]
[SourceVersionDate "1995.10.01"]
[SourceQuality "1"]

1. e4 c5 2. Nc3 Nc6 3. g3 g6 4. Bg2 Bg7 5. d3 d6 6. f4 e6 7. Nf3 Nge7 8. O-O
O-O 9. Be3 (9. Bd2 Rb8 10. Rb1 b5 11. a3 Qd7 $1 (11... a5 12. a4 b4 13. Nb5 d5
14. c4 $1 $14 {Marjanovic-Damjanovic/Beograd/1976}) 12. Kh1 a5 13. a4 b4 14.
Nb5 Na7 $10 {Spassky-Polgar,J/Monaco/1994}) 9... Rb8 10. Rb1 (10. d4 cxd4 11.
Nxd4 Qb6 12. Na4 Bxd4 $1 13. Nxb6 Bxe3+ 14. Kh1 Bxb6 $15) 10... b5 11. a3 Qb6 (
11... Nd4 12. Bf2 Nxf3+ 13. Bxf3 e5 14. fxe5 Bxe5 15. Bg2 $10 {Spassky-Polgar,
Zs/Monaco/1994}) 12. Bf2 Bb7 13. Qd2 Nd4 14. Nxd4 Bxd4 15. Bxd4 cxd4 16. Ne2
Rbc8 17. Kh1 (17. f5 exf5 18. exf5 Nxf5 19. Rxf5 gxf5 20. Qg5+ Kh8 21. Qf6+ $10
) 17... d5 18. g4 dxe4 19. dxe4 Rcd8 20. f5 f6 $1 21. Nf4 exf5 22. gxf5 gxf5
23. Rbe1 Kh8 $1 (23... fxe4 24. Bxe4 Bxe4+ 25. Rxe4 Nd5 26. Qg2+ Kh8 (26... Kf7
27. Ne6 Ne3 28. Nxd8+ Qxd8 29. Qh3 $18) 27. Nxd5 Rxd5 28. Re7 Rg5 29. Qxg5 $1
$18) 24. Nd5 $6 Bxd5 25. exd5 Nxd5 26. Bxd5 Rxd5 27. Qh6 Qd8 $19 28. Rg1 Rf7
29. Qf4 Rg7 30. Rxg7 Kxg7 31. Qg3+ Kh8 32. Rg1 Qf8 33. h3 Re5 34. Qf3 Qe8 35.
Qg2 Qf7 36. Qa8+ Re8 37. Qc6 a6 38. Rg2 Qe6 39. Qb7 Rg8 40. Rxg8+ Kxg8 0-1

[Event "Linares-03"]
[Site "Linares"]
[Date "1981.01.22"]
[Round "5"]
[White "Spassky, Boris Vasilievich"]
[Black "Kavalek, Lubomir"]
[Result "1/2-1/2"]
[WhiteElo "2635"]
[BlackElo "2550"]
[Annotator "Kharitonov,A"]
[PlyCount "43"]
[EventDate "1981.01.17"]
[EventType "tourn"]
[EventRounds "11"]
[EventCountry "ESP"]
[EventCategory "13"]
[SourceTitle "MCL"]
[Source "ChessBase"]
[SourceDate "1999.07.01"]
[SourceVersion "1"]
[SourceVersionDate "1999.07.01"]
[SourceQuality "1"]

1. e4 c5 2. Nc3 Nc6 3. g3 g6 4. Bg2 Bg7 5. d3 d6 6. Be3 (6. f4 e5 7. Nh3 $5
exf4 8. Bxf4 Nge7 9. O-O h6 10. Rb1 O-O 11. a3 Be6 12. Be3 Ne5 $13 {Spassky,
B-Portish,L/Geneve(m/13)/1977/1:0 (40)/}) (6. Nh3 $5 h5 7. f4 Bg4 8. Qd2 Nd4 9.
Ng1 Qd7 (9... Qa5 $142) 10. h3 Be6 11. Nce2 $1 h4 12. g4 f5 13. exf5 gxf5 14.
g5 $14 {Smyslov,V-Romanishin,O/URS(ch)/1976/1:0 (38)/}) 6... e6 (6... e5 $5) 7.
Nh3 $5 Nge7 8. O-O O-O 9. Qd2 b6 $5 (9... Nd4 10. Bh6 e5 11. Bxg7 Kxg7 12. f4
f6 13. Nd1 $14) (9... Re8 $5 10. Bh6 Bh8 11. f4 $13) 10. Bh6 (10. f4 $6 Bb7 11.
g4 f5 $1 $17) 10... d5 11. exd5 exd5 12. Bxg7 Kxg7 13. Nf4 d4 14. Ne4 (14. Ncd5
Nxd5 15. Nxd5 Qd6 (15... Bb7 16. Qf4 $14) 16. Rfe1 Bb7 $10) 14... h6 15. Rae1
$5 (15. Qd1 Bb7 $10) 15... f5 16. Nc3 $1 (16. Nxc5 $2 bxc5 17. Rxe7+ Qxe7 18.
Bxc6 Rb8 $17) 16... dxc3 17. Qxc3+ Kh7 18. Rxe7+ Qxe7 19. Bxc6 Rb8 (19... Bb7
20. Nd5 Qf7 21. Bxb7 Qxb7 22. Nf6+ $16) 20. Re1 $44 Qg7 21. Re5 $1 Bd7 22. Bxd7
(22. Bxd7 Qxd7 23. Re6 Rg8 (23... g5 24. Qe5 Rbe8 25. Ng6 $1 Rg8 26. Qxf5 $1) (
23... Rbe8 24. Rxg6 Qf7 25. h4) 24. Qf6 Rbe8 $8 25. h4 $1 Rxe6 (25... Qg7 $6
26. Qxg7+ Kxg7 27. Rxg6+ $16) 26. Nxe6 Qe8 27. h5 gxh5 28. Qxf5+ Kh8 29. Qf6+
$10) 1/2-1/2